000 00589nam a2200181Ia 4500
005 20250508151634.0
008 008 250505s9999 xx 000 0 eng d
037 _aBooks to be hide in OPAC
040 _aFEDL
_beng
_cFEDL
041 _aeng
_2eng
084 _a300, UNE/O
_qFEDL
245 0 _aSelected inventory of periodical publications
245 0 _cBibliographies in the Social Sciences
260 _aParis, France
_bUnited Nations Educational, Scientific and Cultural Organization
_c1951
300 _a129p.
942 _cHB
_h300, UNE/O
999 _c1331068
_d1331068